| 000 | 00607nam a2200217 a 4500 | ||
|---|---|---|---|
| 001 | 0001-2218 | ||
| 003 | ELIB.Books | ||
| 008 | 190803 2010 eng | ||
| 020 | _a0691001251 | ||
| 092 |
_a333.95 _bEld |
||
| 100 | _aEldredge, Niles. | ||
| 245 |
_aLife in the Balance _bHumanity and the Biodiversity Crisis |
||
| 260 |
_aPrinceton, New Jersey _bPrinceton University Press _c1998 |
||
| 300 |
_a224 _c23.5cm |
||
| 650 | _aHuman Ecology | ||
| 856 |
_nKBTS Library _uKBTS Elib |
||
| 942 |
_2ddc _cBK |
||
| 990 | _a1 | ||
| 998 |
_aEnglishbooks.elf _ccat _e2019-08-03 |
||
| 999 |
_c12218 _d12218 |
||